Anatomy of the movies /

Bibliographic Details
Other Authors: Pirie, David, 1946-
Format: Book
Language:English
Published: New York, N.Y. : Macmillan, 1981.
Edition:1st American ed.
Subjects:

MARC

Tag First Indicator Second Indicator Subfields
LEADER 00000pam a2200000 a 4500
001 in00000082857
005 20151008054241.0
008 810406s1981 nyua 00100 eng
010 |a  81003690  
020 |a 0025975404 
035 |a (OCoLC)07461368 
035 |9 AAJ0097AM 
039 0 |a 2  |b 3  |c 3  |d 3  |e 3 
040 |a DLC  |c DLC  |d TXA  |d UtOrBLW 
043 |a n-us--- 
049 |a TXAM  |c [1442060] 
050 0 0 |a PN1993.5.U6  |b A88 1981 
082 0 |a 384/.8/0973 
245 0 0 |a Anatomy of the movies /  |c editor, David Pirie. 
250 |a 1st American ed. 
264 1 |a New York, N.Y. :  |b Macmillan,  |c 1981. 
300 |a 320 pages :  |b illustrations ;  |c 26 cm. 
336 |a text  |b txt  |2 rdacontent 
337 |a unmediated  |b n  |2 rdamedia 
338 |a volume  |b nc  |2 rdacarrier 
500 |a Includes index. 
650 0 |a Motion picture industry  |z United States. 
700 1 |a Pirie, David,  |d 1946- 
999 |a MARS 
999 f f |s 6356aff9-6529-3b02-81b5-3ce06ca5a4cc  |i 019a50d2-e9c5-33df-8ce0-6dba2888bc20  |t 0 
952 f f |p ric  |a Texas A&M University  |b Rellis Campus  |c Joint Library Facility  |d Remote Storage  |t 0  |e PN1993.5.U6 A88 1981  |h Library of Congress classification  |i unmediated -- volume  |m A14806177844 
998 f f |a PN1993.5.U6 A88 1981  |t 0  |l Remote Storage